Acta geodynamica et geomaterialia

Předchozí název: Acta Montana. Ser. A, Geodynamics
Acta Montana. Ser. B, Fuel, carbon, mineral processing
Jazyk: Angličtina
Vydáno: Praha : Ústav struktury a mechaniky hornin, 2004-2021
Témata:
Externí odkaz: Online verze
Fyzický popis: 18 svazků ; 30 cm
Odebírané ročníky: 2004-21
Odebírané svazky: 1-18
Noviny a časopisy
Uloženo v:
LEADER 04687nas a2200769 i 4500
001 cps20041448316
003 CZ PrNK
005 20240802143923.0
008 041020d20042021xr qr p 0 b0eng
015 |a cnb001448316 
022 |a 1214-9705  |y 1211-1910 
040 |a ABA001  |b cze  |d BOA001  |d OLA001  |e rda 
072 7 |a 55  |x Vědy o Zemi. Geologické vědy  |2 Konspekt  |9 7 
080 |a 550.3  |2 MRF 
080 |a 552  |2 MRF 
080 |a 551.2/.3  |2 MRF 
080 |a 622.83  |2 MRF 
080 |a 552.122  |2 MRF 
080 |a 550.82  |2 MRF 
080 |a (051)001  |2 MRF 
210 0 |a Acta geodyn. geomater.  |b (Print) 
222 0 |a Acta geodynamica et geomaterialia  |b (Print) 
245 0 0 |a Acta geodynamica et geomaterialia 
264 1 |a Praha :  |b Ústav struktury a mechaniky hornin,  |c 2004-2021 
300 |a 18 svazků ;  |c 30 cm 
310 |a 4x ročně 
336 |a text  |b txt  |2 rdacontent 
337 |a bez média  |b n  |2 rdamedia 
338 |a svazek  |b nc  |2 rdacarrier 
362 0 |a Roč. 1, č. 1 (2004)--vol. 18, no. 4 (204) (2021) 
541 |c pv 
650 0 7 |a geofyzika  |7 ph114615  |2 czenas 
650 0 7 |a petrologie  |7 ph115723  |2 czenas 
650 0 7 |a geodynamika  |7 ph114614  |2 czenas 
650 0 7 |a mechanika hornin  |7 ph122725  |2 czenas 
650 0 7 |a struktura a textura hornin  |7 ph232593  |2 czenas 
650 0 7 |a geomechanické monitorování  |7 ph134799  |2 czenas 
655 7 |a vědecké časopisy  |7 fd133850  |2 czenas 
776 0 |t Acta geodynamica et geomaterialia (On-line)  |x 2336-4351 
780 0 4 |t Acta Montana. Ser. A, Geodynamics  |x 1211-1910 
780 0 4 |t Acta Montana. Ser. B, Fuel, carbon, mineral processing  |x 1211-1929 
856 4 1 |3 Online verze  |u https://www.irsm.cas.cz/index.php?page=acta_scope  |4 N 
910 2 |a BOA001  |b 04308-1153.936  |r 2004-21  |s 1-18 
920 |a 000795324 
928 9 |a Institute of Rock Structure and Mechanics of the Czech Academy of Sciences 
990 |a SE 
995 |a 01 
991 |b 201007 
996 6 |b 2610275690  |c 04308-1153.936  |d 2004 1 1-2  |v 1  |i 1-2  |y 2004  |l MZK  |r Sklad / do 1 hodiny  |n 0  |p p.v.  |w 000795324  |u 000100  |a 1  |e BOA001  |j MZK50  |s P 
996 6 |b 2610275691  |c 04308-1153.936  |d 2004 1 3-4  |v 1  |i 3-4  |y 2004  |l MZK  |r Sklad / do 1 hodiny  |n 0  |p p.v.  |w 000795324  |u 000110  |a 1  |e BOA001  |j MZK50  |s P 
996 6 |b 2610288427  |c 04308-1153.936  |d 2005 2 1-4  |v 2  |i 1-4  |y 2005  |l MZK  |r Sklad / do 1 hodiny  |n 0  |p p.v.  |w 000795324  |u 000150  |a 1  |e BOA001  |j MZK50  |s P 
996 6 |b 2610310584  |c 04308-1153.936  |d 2006 3 1-4  |v 3  |i 1-4  |y 2006  |l MZK  |r Sklad / do 1 hodiny  |n 0  |p p.v.  |w 000795324  |u 000210  |a 1  |e BOA001  |j MZK50  |s P 
996 6 |b 2610347661  |c 04308-1153.936  |d 2007 4 1-4  |v 4  |i 1-4  |y 2007  |l MZK  |r Sklad / do 1 hodiny  |n 0  |p p.v.  |w 000795324  |u 000260  |a 1  |e BOA001  |j MZK50  |s P 
996 6 |b 2610381342  |c 04308-1153.936  |d 2008 5 1-4  |v 5  |i 1-4  |y 2008  |l MZK  |r Sklad / do 1 hodiny  |n 0  |p p.v.  |w 000795324  |u 000310  |a 1  |e BOA001  |j MZK50  |s P 
996 6 |b 2610442852  |c 04308-1153.936  |d 2009 6 1-4  |v 6  |i 1-4  |y 2009  |l MZK  |r Sklad / do 1 hodiny  |n 0  |p p.v.  |w 000795324  |u 000360  |a 1  |e BOA001  |j MZK50  |s P 
996 6 |b 2610481902  |c 04308-1153.936  |d 2010 7 1-4  |v 7  |i 1-4  |y 2010  |l MZK  |r Sklad / do 1 hodiny  |n 0  |p p.v.  |w 000795324  |u 000410  |a 1  |e BOA001  |j MZK50  |s P 
996 6 |b 2610512639  |c 04308-1153.936  |d 2011 8 1-4  |v 8  |i 1-4  |y 2011  |l MZK  |r Sklad / do 1 hodiny  |n 0  |p p.v.  |w 000795324  |u 000460  |a 1  |e BOA001  |j MZK50  |s P 
996 6 |b 2610551398  |c 04308-1153.936  |d 2012 9 1-4  |v 9  |i 1-4  |y 2012  |l MZK  |r Sklad / do 1 hodiny  |n 0  |p p.v.  |w 000795324  |u 000510  |a 1  |e BOA001  |j MZK50  |s P 
996 6 |b 2610589931  |c 04308-1153.936  |d 2013 10 1-4  |v 10  |i 1-4  |y 2013  |l MZK  |r Sklad / do 1 hodiny  |n 0  |p p.v.  |w 000795324  |u 000560  |a 1  |e BOA001  |j MZK50  |s P 
996 6 |b 2610630321  |c 04308-1153.936  |d 2014 11 1-4  |v 11  |i 1-4  |y 2014  |l MZK  |r Sklad / do 1 hodiny  |n 0  |p p.v.  |w 000795324  |u 000610  |a 1  |e BOA001  |j MZK50  |s P 
996 6 |b 2610667975  |c 04308-1153.936  |d 2015 12 1-4  |v 12  |i 1-4  |y 2015  |l MZK  |r Sklad / do 1 hodiny  |n 0  |p p.v.  |w 000795324  |u 000660  |a 1  |e BOA001  |j MZK50  |s P 
996 6 |b 2610703758  |c 04308-1153.936  |d 2016 13 1-4  |v 13  |i 1-4  |y 2016  |l MZK  |r Sklad / do 1 hodiny  |n 0  |p p.v.  |w 000795324  |u 000710  |a 1  |e BOA001  |j MZK50  |s P 
996 6 |b 2610743951  |c 04308-1153.936  |d 2017 14 1-4  |v 14  |i 1-4  |y 2017  |l MZK  |r Sklad / do 1 hodiny  |n 0  |p p.v.  |w 000795324  |u 000760  |a 1  |e BOA001  |j MZK50  |s P 
996 6 |b 2610788377  |c 04308-1153.936  |d 2018 15 1-4  |v 15  |i 1-4  |y 2018  |l MZK  |r Sklad / do 1 hodiny  |n 0  |p p.v.  |w 000795324  |u 000810  |a 1  |e BOA001  |j MZK50  |s P 
996 6 |b 2610828874  |c 04308-1153.936  |d 2019 16 1-4  |v 16  |i 1-4  |y 2019  |l MZK  |r Sklad / do 1 hodiny  |n 0  |p p.v.  |w 000795324  |u 000860  |a 1  |e BOA001  |j MZK50  |s P 
996 6 |b 2610873357  |c 04308-1153.936  |d 2020 17 1-4  |v 17  |i 1-4  |y 2020  |l MZK  |r Sklad / do 1 hodiny  |n 0  |p p.v.  |w 000795324  |u 000910  |a 1  |e BOA001  |j MZK50  |s P 
996 6 |b 2610904461  |c 04308-1153.936  |d 2021 18 1-4  |v 18  |i 1-4  |y 2021  |l MZK  |r Sklad / do 1 hodiny  |n 0  |p p.v.  |w 000795324  |u 000920  |a 1  |e BOA001  |j MZK50  |s P